Bílik, René: Historický žáner v slovenskej próze

Bibliographic Details
Main Author: Kováčik, Ľubomír, 1964-2014 (Author)
Format: Article
Language:Slovak
ISSN:0037-6973
Subjects:

MARC

LEADER 00000nab a2200000 a 4500
001 vtls009960355
003 SK-MaSNL
005 20260304181422.0
008 250507c2009 xo |r|p|||||||000 b|slo
015 |a SNBRB2009/10  |2 snkbucl 
035 |a (uuid)bd5a78e7-68e9-4764-890a-30f395aec187 
035 |a urn:nbn:sk:snk-abf5i7 
035 |a (urnnbn)urn:nbn:sk:snk:ar-004za7 
038 |a SNKBUCL 
040 |a SNKBUCL  |b slo  |c SNKBUCL  |e AACR2 
041 0 |a slo 
044 |a xo  |c SK 
080 |a 82.0:82-1/-9  |x (048)  |2 2001 
080 |a 82(091):821.162.4  |x (048)  |2 2001 
080 |a 821.162.4  |x (091)  |x (048)  |2 2001 
080 |a 82.033:821.162.4-3  |x (048)  |2 2001 
080 |a 821.162.4-3  |x (091)  |x (048)  |2 2001 
080 |a 821.162.4-3.033  |x (048)  |2 2001 
080 |a 821.162.4-311.6.033  |x (048)  |2 2001 
080 |a 821.162.4-321.6.033  |x (048)  |2 2001 
100 1 |a Kováčik, Ľubomír,  |d 1964-2014  |4 aut  |9 106087 
245 1 0 |a Bílik, René: Historický žáner v slovenskej próze  |c Ľubomír Kováčik 
650 0 7 |a slovenská literatúra  |2 snkbucl  |9 1115 
650 0 7 |a slovenská próza  |x historické žánre  |2 snkbucl  |9 1493104 
650 0 7 |a historická próza  |2 snkbucl  |9 81955 
650 0 7 |a literárne žánre  |2 snkbucl  |9 58545 
650 0 7 |a monografie  |2 snkbucl  |9 256509 
655 7 |a recenzie  |2 snkbucl  |9 21907 
773 0 |t Slovenská literatúra  |g Roč. LVI, č. 3 (2009), s. 241-242  |x 0037-6973 
787 0 8 |i Rec.:  |a Bílik, René, 1960-  |t Historický žáner v slovenskej próze  |d Bratislava : Kalligram ; Ústav slovenskej literatúry SAV, 2008 9788081011375 
850 |a Slovenská národná knižnica 
852 |a Slovenská národná knižnica 
954 |a odborná, vedecká literatúra pôvodná (slovenská)  |2 lita 
958 |a article27 
958 |a LX 
958 |a SK 
958 |a RC 
958 |a OND 
958 |a EUIPO 
999 |c 3023913  |d 3025843